| 000 | 00412nam a2200169Ia 4500 | ||
|---|---|---|---|
| 008 | 230711s9999||||xx |||||||||||||| ||und|| | ||
| 020 | _a978-81-89401-27-6 | ||
| 041 | _aENG | ||
| 082 |
_a526.9 _bAR-S |
||
| 100 | _aArora,K R | ||
| 245 | 0 | _aSurveying V-III | |
| 250 | _a12th Ed. | ||
| 260 |
_c2015 _aNew Delhi _bStandard Publishing Distributors |
||
| 300 | _a482p. | ||
| 650 | _aCivil Engineering | ||
| 942 | _cBK | ||
| 999 |
_c5887 _d5887 |
||